Présentateurs/trices de France Télévisions - Statistiques

Statistiques générales
  • Ce quiz a été pris 229 fois
  • Le résultat moyen est 17 sur 53
Statistiques - réponses
Hint Réponse % Correct
N’oubliez pas les paroles Nagui
93%
Fort Boyard Olivier Minne
85%
Slam Cyril Féraud
81%
Questions pour un champion Samuel Étienne
77%
Secrets d’Histoire Stéphane Bern
76%
Le Monde de Jamy (depuis 2014) Jamy Gourmaud
69%
Vivement dimanche Michel Drucker
69%
C à vous Anne-Élisabeth Lemoine
65%
13 h 15, le dimanche Laurent Delahousse
64%
Cash Investigation Élise Lucet
62%
Ça commence aujourd’hui Faustine Bollaert
62%
Tout le monde veut prendre sa place (depuis août 2023) Jarry
62%
Les Enfants de la télé (à partir d’octobre 2023) Laurence Boccolini
59%
Samedi d’en rire Jean-Luc Lemoine
57%
Quelle époque ! Léa Salamé
56%
Le 20h (la semaine) Anne-Sophie Lapix
53%
Des chiffres et des lettres (depuis 1992) Laurent Romejko
53%
Chacun son tour Bruno Guillon
49%
Affaire conclue (depuis août 2023) Julia Vignali
46%
Le 13h (la semaine) Julian Bugier
40%
Les Carnets de Julie Julie Andrieu
28%
Stade 2 Matthieu Lartot
26%
La Maison des Maternelles Agathe Lecaron
23%
Le Magazine de la santé Marina Carrère d'Encausse
22%
C dans l’air (du lundi au jeudi) Caroline Roux
19%
Sur le front Hugo Clément
19%
Le 20h (joker le week-end) Thomas Sotto
19%
Beau Geste Pierre Lescure
18%
Rendez-vous en terre inconnue Raphaël de Casabianca
18%
Le Club Lumni Alex Goude
16%
La Grande Librairie Augustin Trapenard
16%
Le 13h (joker le week-end) Jean-Baptiste Marteau
16%
Silence, ça pousse ! (depuis 1998) Stéphane Marie
16%
Le 20h (joker la semaine) Karine Baste-Régis
13%
Météo à la carte (présentatrice) Marine Vignes
13%
Tout le sport (la semaine) Fabien Lévêque
11%
Le 13h (joker la semaine) Nathanaël de Rincquesen
10%
C l’hebdo (depuis 2023) Aurélie Casse
9%
Le 19/20 (la semaine) Carole Gaessler
9%
Le Grand Oral Leïla Kaddour-Boudadi
9%
Le 12/13 (la semaine) Émilie Tran Nguyen
8%
C ce soir Karim Rissouli
8%
Complément d'enquête Tristan Waleckx
8%
Le 12/13 (fin de semaine) Catherine Matausch
7%
Thalassa Sabine Quindou
6%
Faut pas rêver (depuis 2014) Philippe Gougler
5%
Échappées belles (depuis 2006) Sophie Jovillard
4%
Rencontres à XV Jean Abeilhou
3%
C médiatique Mélanie Taravant
3%
La Matinale de France info (depuis 2020) Salhia Brakhlia
2%
Le Jour du Seigneur David Milliat
1%
Cinéma de minuit Patrick Brion
1%
Le Doc du dimanche Valérie Durier
1%
Aucun quiz correspondant
Distribution des résultats
% des personnes avec chaque résultat
Percentile par nombre de réponses
Votre historique - résultats
Vous n’avez pas pris ce quiz